000 00779cam a22002893a 4500
001 1412
003 PGUSA
005 20140828083000.0
008 980801s1998||||xxu|||||s|||||000 1 eng d
040 _aPGUSA
_beng
042 _adc
050 4 _aPZ
050 4 _aPR
100 1 _aMarryat, Frederick,
_d1792-1848
245 1 0 _aMasterman Ready
_h[electronic resource] /
_cFrederick Marryat
260 _bProject Gutenberg,
_c1998
506 _aPublic domain in the USA.
516 _aElectronic text
653 _aAdventure stories
653 _aIslands -- Fiction
653 _aSurvival -- Fiction
653 _aSea stories
653 _aShipwrecks -- Fiction
830 0 _aProject Gutenberg
_v1412
856 4 0 _uhttp://www.gutenberg.org/ebooks/1412
942 _cEB
999 _c230760
_d230760